LDR 01047naa#a2200181#i#450# 001 RU\\bibl\116362 005 20260429143147.3 011 ## _a1994-4683 100 ## _a20260429b2026####ek#y0rusy0150####ca 102 ## _aRU 200 1# _aКорреляция функциональных показателей с соревновательным результатом в беге на 800 метров у девушек-легкоатлеток 12-14 лет _eЖурнальная статья 210 1# _aМосква _cНациональный государственный Университет физической культуры, спорта и здоровья им. П.Ф. Лесгафта _d2026 215 ## _a7 с. 608 ## _aЖурнальная статья _2local 675 ## _aБег на средние дистанции (от 1000 до 10000 м), например,. 796.422.14 _z 700 #1 _aМалышева _gКристина Дмитриевна 700 #1 _aВорошин _gИгорь Николаевич 856 4# _auchzapiski.lesgaft.spb.ru _u